| 000 | 00605nam a2200181 a 4500 | ||
|---|---|---|---|
| 001 | 1741 | ||
| 005 | 20140414131900.0 | ||
| 008 | 001120s19uu xx 00 eng d | ||
| 050 |
_aFIL 231 _bOu7 Bk.6 |
||
| 100 | _aDaugthers of St. Paul | ||
| 245 |
_aOur victory through Christ, bk. 6 / _cprepared by the Daughters of St. Paul under direction of Very Rev. James Alberione. |
||
| 260 |
_aPasay City : _bDaughters of St. Paul, _c[n.d.] |
||
| 300 | _a95 p. : ill. ; cm. | ||
| 440 | _aThe St. Paul way, truth and life series | ||
| 650 | _aChristian Education. | ||
| 650 | _aCathechism. | ||
| 999 |
_c110604 _d110604 |
||